000 00853nam a2200277Ia 4500
001 Para_6218
003 CHAP
008 220125s1983 xx 000 0 und d
010 _a203668
040 _cCHAP
090 _aPA FOLLETO 319
100 _aBarriga Solorio, Celio
_910504
245 _aLogros y aportaciones de la investigación agrícola en el cultivo de la soya /
_c por Celio Barriga Solorio y Jorge Nieto Hatem
260 _aMéxico :
_b SARH.INIA
300 _a15 p.
650 _aSoya
_x investigación
_9109064
700 _aNieto Hatem, Jorge
_981268
710 _aInstituto Nacional de Investigaciones Agrícolas (México)
_959316
901 _aPA FOLLETO 319
902 _aA
905 _a0000001983 a 0000000000 00
910 _a1983
942 _cPARA
942 _cPARA
_d1
999 _c203668
_d203668